[Event "EU-Cup 19th"]
[Site "Rethymno"]
[Date "2003.10.04"]
[Round "7.2"]
[White "Karttunen, Mika"]
[Black "Movsesian, Sergei"]
[Result "1/2-1/2"]
[WhiteElo "2381"]
[BlackElo "2647"]
[Annotator "Finkel,A"]
[PlyCount "102"]
[EventDate "2003.09.28"]
[EventType "team-swiss"]
[EventRounds "7"]
[EventCountry "GRE"]
[SourceTitle "CBM 098"]
[Source "ChessBase"]
[SourceDate "2004.02.03"]
[SourceVersion "1"]
[SourceVersionDate "2004.02.03"]
[SourceQuality "1"]
[WhiteTeam "Jyvaskyla JyS"]
[BlackTeam "Lipovec"]
[WhiteTeamCountry "FIN"]
[BlackTeamCountry "SVK"]

1. d4 Nf6 2. Bg5 c5 3. d5 Ne4 4. Bf4 (4. Bc1 e5) 4... Qb6 5. Bc1 e5 6. f3 Nd6 {
Quite interesting continuation promising black good counterchanes.} (6... Nf6
7. e4 d6 8. a4 (8. c4 Be7 9. Nc3 Na6 10. Bd3 Bd7 11. Nge2 Nb4 12. Bb1 h5 13. a3
Na6 14. Bd3 h4 15. Be3 h3 16. g3 $16 {Braakhuis,W-Jaluvka,J/IECG Email 1999}) (
8. Nd2 Be7 9. Bd3 O-O 10. a4 Ne8 11. Nc4 Qd8 12. Ne2 Bg5 13. f4 exf4 14. Nxf4
Nd7 15. O-O $14 {Stefanova,A-Manca,F/Saint Vincent 2000}) 8... Be7 9. Nc3 O-O
10. g3 Nbd7 11. Bh3 Ne8 12. Qd3 Qd8 13. Be3 Bg5 14. f4 exf4 15. gxf4 Bh4+ 16.
Kd2 g6 17. Nf3 Bf6 18. Bg2 a6 19. Rhe1 {1/2-1/2 Van der Wiel,J-Nunn,J/Leiden
1982}) 7. e4 f5 8. c4 fxe4 (8... Be7 9. Nc3 O-O 10. Bd3 Na6 11. a3 $14) 9. fxe4
Nf7 10. Nc3 Be7 11. Nf3 Qg6 12. Be3 d6 13. Qd2 O-O (13... Bg4 14. Be2 O-O 15.
O-O Nd7 16. Rf2 a6 17. Raf1 $14) 14. h3 a6 15. a4 Nd7 16. g4 Nh8 $5 {[%cal
Gg6e8,Gh8g6,Gg6f4] The knight is heading for f4.} 17. Bg2 Qe8 18. O-O Ng6 19.
Ng5 Rxf1+ 20. Rxf1 Ndf8 21. b3 Bd7 (21... Nf4 22. Bxf4 exf4 23. Qxf4 Bf6 24.
Ne2 Ng6 25. Qd2 Ne5 $44) 22. Ne2 b5 23. a5 bxc4 24. bxc4 Rb8 25. Ng3 Rb4 {
For some reason black insists not to play nf4!?} (25... Nf4 $5 26. Bxf4 exf4
27. Qxf4 Ng6 28. Qc1 Ne5 29. Nf3 Bf6 30. Nxe5 Qxe5 31. Nf5 Rb4 $13) 26. Nh5 {
[%cal Gf1f7]} Nf4 27. Bxf4 exf4 28. Qc3 Qg6 29. Nf3 Qh6 $2 (29... Bxg4 $1 30.
Nxf4 (30. hxg4 $2 Qxg4 31. Nxf4 Qxf4 32. Nd4 Bf6 $1 $17) 30... Qh6 31. hxg4
Qxf4 32. Nd4 Bf6 33. Rxf4 Bxd4+ 34. Qxd4 cxd4 35. Bf1 Nd7 $17) 30. e5 Be8 31.
Nd4 $1 Bxh5 (31... Qg5 32. exd6 (32. Nf5 Bxh5 33. h4) 32... Bxd6 33. Nf5 Bxh5
34. Nxd6 Bg6 35. Qd2 $16) 32. Nf5 Qg5 33. h4 Qxg4 34. Nxe7+ Kh8 35. exd6 Qxh4
36. Nc6 Rb7 37. Qe5 $6 $13 (37. Qh3 $1 {[%cal Gh3c8]} Qxh3 38. Bxh3 g5 39. Bc8
{[%cal Gd6d7]} Rb3 (39... Rg7 40. Bxa6 Nd7 41. Bc8 $18) 40. d7 Rg3+ 41. Kh2
Nxd7 42. Bxd7 Be2 43. Rc1 g4 44. Ne5 Rh3+ 45. Kg1 $16) 37... Rf7 38. Qe4 Bg6
39. Qe5 h6 40. Rf3 Nd7 41. Qe6 Qg5 (41... Bh5 42. Rh3 Qg4 43. Rxh5 Qxh5 44.
Qe8+ Nf8 (44... Kh7 $2 45. Be4+ $18) 45. d7 f3 46. Qxf7 Qxf7 47. d8=Q fxg2 48.
Kxg2 $11) 42. Ne7 Nf8 43. Nxg6+ Qxg6 44. Qxg6 Nxg6 45. Bh3 Ne5 46. Rb3 g5 47.
Rb8+ Kg7 48. Re8 (48. Be6 Rf8 49. Rc8 Rxc8 50. Bxc8 Nf7 51. d7 Kf6 52. Bxa6 Ke7
53. Bb5 Kd6 54. a6 Kc7 $19) 48... g4 49. Rxe5 gxh3 50. Rh5 Rd7 51. Kf2 Rxd6 $13
1/2-1/2

[Event "ISR-chT"]
[Site "Ramat Aviv"]
[Date "2000.05.12"]
[Round "11.3"]
[White "Rabinovich, Alexander"]
[Black "Greenfeld, Alon"]
[Result "1/2-1/2"]
[WhiteElo "2406"]
[BlackElo "2563"]
[Annotator "Finkel,A"]
[PlyCount "71"]
[EventDate "2000.01.14"]
[EventType "team"]
[EventRounds "11"]
[EventCountry "ISR"]
[SourceTitle "CBM 077"]
[Source "ChessBase"]
[SourceDate "2000.07.27"]
[SourceVersion "1"]
[SourceVersionDate "2000.07.27"]
[SourceQuality "1"]
[WhiteTeam "Kfar Saba"]
[BlackTeam "Beer Sheva"]
[WhiteTeamCountry "ISR"]
[BlackTeamCountry "ISR"]

1. d4 Nf6 2. Bg5 c5 3. Nc3 $6 {Definitly not the best way to fight for the
advantage,but possible continuation if you have in mind to deviate from
opening theory.} (3. dxc5 Ne4 4. Be3 e6 5. g3 Nxc5 6. Bg2 Nc6 7. c4 Be7 8. Nf3
O-O 9. Nc3 d6 10. O-O a6 11. a3 Qc7 12. Rc1 $16 {Shabalov,A-Kreiman,B/USA-ch/
1994/}) (3. d5 g6 4. Nc3 Bg7 5. e4 h6 $1 6. Bd2 d6 7. h3 $6 O-O 8. Nf3 e6 9.
Be2 exd5 10. exd5 Bf5 $15 {Lputian,S-Alterman,B/Moscow(olm)/1994/0,5/52/}) (3.
d5) 3... cxd4 4. Qxd4 e6 (4... h6 5. Qh4 Qb6 6. O-O-O hxg5 $6 7. Qxh8 Qxf2 8.
e4 Nc6 9. Nf3 g4 10. Qh4 Qc5 11. Nd2 $14 {Meszaros,G-Moltchanov,R/Cannes
opB18th 1997}) (4... Nc6 5. Qh4 e6 6. e4 Be7 (6... Bb4 $5 $13) 7. Nf3 Qa5 8.
Bb5 d6 9. O-O Bd7 (9... O-O $5) 10. Rfe1 a6 $6 (10... O-O $5) 11. Bxc6 Bxc6 12.
e5 $1 $36 {Conquest,S-Garcia,G/Capablanca mem-A 1996}) 5. Ne4 (5. O-O-O Be7 6.
Nf3 d5 7. e4 dxe4 8. Qxd8+ Bxd8 9. Nxe4 Be7 10. Nd6+ Bxd6 11. Rxd6 $14 {
Puranen,J-Kiviaho,A/Helsinki We HSK 1993}) 5... Qa5+ 6. Bd2 Qf5 $1 $132 7.
Nxf6+ gxf6 (7... Qxf6 8. Qxf6 gxf6 9. Bc3 Be7 10. e4 Nc6 11. O-O-O b6 12. Nf3
Bb7 $13) 8. e3 (8. e4 Bc5 9. exf5 Bxd4 10. c3 Bc5 11. Nf3 Nc6 $13) 8... Nc6 9.
Qa4 Rb8 $5 {[%cal Gb7b5] Preparing b5.} 10. Nf3 b5 11. Qh4 {[%cal Gf1d3]} Qxc2
12. Qxf6 Rg8 13. Rc1 Qe4 (13... Qg6 14. Qxg6 hxg6 15. e4 $5 Bg7 16. Bc3 Bxc3+
17. Rxc3 $13) 14. Ng5 Qg6 15. Qxg6 Rxg6 $6 {After this active move only white
can hope for the advantage.} (15... hxg6 16. Ne4 Be7 17. Bc3 e5 18. Bd2 f5 19.
Nc3 a6 20. Nd5 Bb7 $13) 16. h4 (16. Nxh7 Be7 17. f4 f6 {[%csl Rh7]} 18. g3 Rg7
19. Bd3 Bb7 20. Rf1 Kf7 $17 {[%cal Gb8h8]}) 16... h6 17. Ne4 f5 18. h5 $5 Rg7
19. Nc5 $36 Ne5 {[%cal Gd7d6]} 20. e4 $5 {[%csl Rh6] Finding weak spot in
black's position.} d6 (20... Rf7 $5) 21. Nb3 fxe4 22. Bxh6 Rh7 23. Bxf8 Kxf8
24. Bxb5 $5 Rxb5 25. Rxc8+ Kg7 26. Ke2 $5 ({Nothing promises} 26. Rc7+ Kh6 27.
Rxh7+ Kxh7 28. Kd2 a5 29. Kc3 a4 30. Nd4 Rc5+ 31. Kd2 Rd5 32. Kc3 $11) 26...
Nd3 27. g3 $5 Rhxh5 (27... a5 28. Rc7+ Kh6 29. Rxh7+ Kxh7 30. Ke3 d5 31. f3 a4
32. Nd4 Rxb2 33. Nxe6 Rxa2 34. fxe4 Nf2 $11) 28. Rxh5 Rxh5 29. Ke3 d5 30. Nc5
$5 d4+ ({More accurate way to draw was} 30... Nxc5 $5 31. Rxc5 Kf6 32. Rc7 a5
33. Ra7 Rf5 34. b3 Rf3+ 35. Ke2 d4 36. Rxa5 d3+ 37. Ke1 e3 38. fxe3 Rxe3+ 39.
Kd2 Rxg3 $11) 31. Kxd4 Rd5+ 32. Kc4 Nxc5 33. Rxc5 Rd2 34. Re5 ({The only
chanse to fight for the win was} 34. Rc7+ $5 Kf6 35. Rxa7 Rxf2 (35... Rxb2 36.
Kd4 Rxf2 37. Kxe4 Rg2 38. Kf3 Rb2 39. Ra6 $14) 36. b4 Ke5 37. a4 Rc2+ $132)
34... Rxb2 35. Rxe6 Rxa2 36. Rxe4 1/2-1/2

[Event "St Petersburg-ch 73rd"]
[Site "St Petersburg"]
[Date "2000.04.05"]
[Round "3"]
[White "Chepukaitis, Genrikh"]
[Black "Yemelin, Vasily"]
[Result "1-0"]
[WhiteElo "2393"]
[BlackElo "2540"]
[Annotator "Finkel,A"]
[PlyCount "75"]
[EventDate "2000.04.03"]
[EventType "tourn"]
[EventRounds "11"]
[EventCountry "RUS"]
[EventCategory "11"]
[SourceTitle "CBM 077"]
[Source "ChessBase"]
[SourceDate "2000.07.27"]
[SourceVersion "1"]
[SourceVersionDate "2000.07.27"]
[SourceQuality "1"]

1. d4 Nf6 2. Bg5 Ne4 3. Bh4 c5 4. f3 Nf6 5. d5 Qb6 (5... d6 6. e4 (6. c4 Nbd7
7. Nc3 g6 8. e4 Bg7 9. Nh3 a6 10. a4 Qa5 11. Be2 h6 12. O-O $14 {Disconzi da
Silva,R-Gomes,L/BRA-ch 1996}) 6... Nbd7 7. Bd3 g6 8. Ne2 Bg7 9. c4 Ne5 10. Nbc3
O-O 11. O-O Bd7 12. b3 Nxd3 13. Qxd3 a6 $132 {Schalow,D-Vogt,R/Werther Schloa
op 1996}) 6. e4 $5 {Sacrificing a pawn and hoping to develop the initiative
instead.} (6. Bxf6 gxf6 7. Qc1 f5 8. c3 Bg7 9. Na3 d6 10. Nc4 Qc7 11. a4 Nd7
12. a5 b5 $13 {Goes,D-Sternau,A/Haarlem op 1996}) 6... Qxb2 (6... e6 7. Bxf6
gxf6 8. Nc3 Bh6 9. Rb1 O-O 10. f4 Kh8 11. g3 d6 $132 {Arancibia,E-Vasquez,R/
Santiago ARAIS tt 1993}) 7. Nd2 g6 (7... Qb4 8. Rb1 Qa5 9. Kf2 $5 d6 10. Bb5+
Nfd7 11. Nc4 Qc7 12. Ne2 a6 $13 {Aleksandrov,A-Mochalov,E/BLR-ch 1993}) 8. Rb1
Qc3 (8... Qxa2 $2 9. Nc4 Qa4 10. Bg5 $1 $18 {[%csl Ra4][%cal Gb1a1,Gg5d2]}) 9.
Ne2 Qa5 10. a4 $5 d6 {The pawn is poisoned:} (10... Qxa4 $2 11. Ra1 Qb4 (11...
Qb5 12. Nc3 Qb6 13. Nc4 Qd8 14. e5 $18) 12. c3 Qb6 13. Nc4 Qd8 14. e5 b5 15.
Nd6+ $1 $18 {and white is winning}) 11. c3 $5 Bg7 12. Nc4 Qd8 13. g4 $1 O-O 14.
Bg3 $36 {[%cal Gh2h5]} b6 15. h4 h5 16. g5 Ne8 $5 (16... Nfd7 $5 17. Ne3 Na6
18. f4 Nc7 19. c4 a6 20. Bg2 Rb8 21. O-O b5 $13) 17. Ne3 Nd7 18. f4 c4 $6 {
Wrong idea,permitting white to get an advantage.} (18... Nc7 $5) 19. Bg2 Nc5
20. O-O Bd7 21. Ra1 b5 (21... Nb3 22. Ra2 Qc7 23. f5 Kh7 24. Nf4 $40 {[%cal
Ga2f2]}) 22. axb5 Bxb5 23. Nd4 Qb6 (23... Nc7 24. f5 (24. e5 a6 25. Qf3 Nd3 26.
exd6 exd6 27. f5 Be5 $13) 24... Be5 25. Bxe5 dxe5 26. fxg6 fxg6 27. Nxb5 Nxb5
28. Nxc4 $14) 24. Rb1 Nb3 25. e5 a5 26. Bf2 Qa6 (26... a4 27. Nef5 $1 {[%cal
Gf2b6]} gxf5 28. Nxb3 Qc7 29. Nd4 Bd7 30. e6 $16) 27. Nc6 $1 Bxc6 28. dxc6 dxe5
29. f5 $1 $16 {[%csl Rg6] The difference in the strength of the pieces is huge
and white gets the decisive advantage in a couple of moves.} Nc7 30. Qc2 e4 (
30... Nc5 31. fxg6 Nd3 32. Nd5 $5 Nxd5 33. Bxd5 e6 34. gxf7+ Rxf7 35. Bxe6 Qxc6
36. Rb6 $1 $18) 31. Bxe4 Rad8 {[%cal Gd8d2]} 32. Rfd1 Rxd1+ 33. Rxd1 Nc5 34.
fxg6 fxg6 35. Nd5 $1 $18 Nxd5 (35... Nxe4 36. Nxe7+ Kh7 37. Qxe4 $18 {[%csl
Rg6]}) 36. Bxd5+ e6 37. Bxc5 exd5 38. Bxf8 1-0

[Event "St Petersburg-ch 73rd"]
[Site "St Petersburg"]
[Date "2000.04.07"]
[Round "5"]
[White "Chepukaitis, Genrikh"]
[Black "Loginov, Valery A"]
[Result "0-1"]
[WhiteElo "2393"]
[BlackElo "2512"]
[Annotator "Finkel,A"]
[PlyCount "100"]
[EventDate "2000.04.03"]
[EventType "tourn"]
[EventRounds "11"]
[EventCountry "RUS"]
[EventCategory "11"]
[SourceTitle "CBM 077"]
[Source "ChessBase"]
[SourceDate "2000.07.27"]
[SourceVersion "1"]
[SourceVersionDate "2000.07.27"]
[SourceQuality "1"]

1. d4 Nf6 2. Bg5 Ne4 3. Bh4 c5 4. f3 $6 {Dubious idea.} g5 5. fxe4 gxh4 6. e3
Bh6 7. Kf2 cxd4 8. exd4 Qb6 9. Nc3 e6 10. Nf3 Nc6 11. Bb5 ({White has tried} 
11. Nb5 $6 O-O 12. c4 d6 13. Nxd6 e5 $1 14. Qb3 exd4 15. Qxb6 Be3+ 16. Ke1 axb6
$36 {,but black got very comfortable position in Aleksandrov,A-Loginov,V/
Kstovo op 1994}) 11... d6 (11... O-O 12. Re1 Bg7 13. Bxc6 $5 bxc6 14. Na4 Qa5
15. c3 d6 16. b4 Qb5 17. e5 c5 $13 {Dumitrescu,D-Polgar,S/Pardubice op 1995}) (
11... Bg7 $5 12. Bxc6 bxc6 13. Na4 Qb5 14. b3 Qh5 15. Re1 O-O 16. h3 d6 $5 $13
{Eliet,N-Cramling,P/FRA-chT9697 final}) 12. Bxc6+ (12. Qd3 Bd7 13. a4 a6 14.
Bxc6 Bxc6 15. a5 Qc7 16. Rhf1 O-O 17. Nxh4 Qe7 18. Qg3+ Kh8 $132 {Rausis,
I-Tzermiadianos,A/Athens op 1993}) (12. Re1 Bd7 13. a4 Bg7 14. Bxc6 Bxc6 15.
Qd3 h3 16. a5 Qc7 17. g3 O-O 18. Kg1 $14 {Dumitrescu,D-Socko,B/EU-chJM U18 1995
}) 12... bxc6 13. Na4 Qa5 14. b3 h3 15. g3 O-O 16. Qe1 $6 (16. e5 $5 dxe5 (
16... c5 $6 17. exd6 c4 (17... cxd4 18. Qxd4 Bb7 19. Qg4+ Bg7 20. Rad1 $16) 18.
Nc5 Qd8 19. bxc4 Qxd6 20. Rb1 $16) 17. Nxe5 Qd5 $1 {[%csl Gg2]} 18. Nf3 Bg7 19.
Re1 Rd8 20. c3 $13) 16... Qh5 17. g4 $6 {Too opimistic:white seems to forget
that his opponent has a pair of bishops,which is quiet a force in this kind of
position.} Qg6 18. g5 Bg7 $15 {[%csl Rf2]} 19. e5 $6 c5 $1 $17 {[%cal Gc8b7]
Opening the diagonal for the bishop.} (19... dxe5 20. dxe5 Qxc2+ 21. Qe2 Qxe2+
22. Kxe2 Rd8 23. Rhd1 $15) 20. c3 cxd4 21. cxd4 Bb7 22. Qe3 dxe5 23. dxe5 Rad8
{[%cal Gd8d3]} 24. Rad1 Bxf3 25. Qxf3 Qxg5 26. Rhe1 Rxd1 27. Rxd1 Qxe5 $19 {
Now we can make the conlusions:black is a pawn up and white king is absolutely
exposed-black has decisive advantage!} 28. Qxh3 Rc8 29. Kg1 Qe2 (29... h6 $5 {
[%csl Ra4,Rg1]} 30. Qd3 Qf4 31. a3 a5 $19) 30. Qd3 Qxd3 31. Rxd3 Rc2 32. a3 f5
{[%cal Ge6e4,Gf5f3]} 33. b4 Bf8 $5 34. Rd7 (34. Nc3 Kf7 35. Nb5 a6 36. Nd4 Rc4
$19 {[%cal Gf7f6,Ge6e4]}) 34... a6 35. Ra7 Rc6 36. Kg2 e5 37. Rb7 e4 38. Nb6
Rc2+ 39. Kf1 (39. Kg3 Bd6+ 40. Kh4 Bf4 41. h3 Rc6 $19 {[%csl Rh4]}) 39... Bh6
$1 40. h4 {[%cal Gb6d7,Gd7f6]} Rc1+ 41. Ke2 f4 42. Nd5 (42. Nd7 f3+ 43. Kf2 Bg7
$5 {[%cal Gg7d4]}) 42... f3+ 43. Kf2 Rc2+ 44. Kg3 Rg2+ 45. Kh3 e3 46. Rd7 {
[%cal Gd5f6]} (46. Nf6+ Kf8 47. Nxh7+ Ke8 48. Nf6+ Kd8 $19) 46... Kf8 47. Nf6
Bg7 48. Nxh7+ Kg8 49. Ng5 Rxg5 50. hxg5 e2 0-1

[Event "Paris NAO GM 3rd"]
[Site "Paris"]
[Date "2003.12.18"]
[Round "4"]
[White "Vandevoort, Pascal"]
[Black "Vachier Lagrave, Maxime"]
[Result "1-0"]
[WhiteElo "2363"]
[BlackElo "2412"]
[Annotator "Finkel,A"]
[PlyCount "75"]
[EventDate "2003.12.15"]
[EventType "tourn"]
[EventRounds "9"]
[EventCountry "FRA"]
[EventCategory "9"]
[SourceTitle "CBM 099"]
[Source "ChessBase"]
[SourceDate "2004.03.30"]
[SourceVersion "1"]
[SourceVersionDate "2004.03.30"]
[SourceQuality "1"]

1. d4 Nf6 2. Bg5 Ne4 3. Bf4 c5 4. d5 Qb6 5. Nd2 {'Luc Winants: 'Ce gambit ne
vaut pas celui du gambit du Capitaine Evans, si cher aux champions du 19e
siècle. Cependant la théorie ne s'y est jamais vraiment intéressée et les
analyses présentées ne paraissent guère convaincantes. Les Blancs y trouveront
donc encore l'occasion d'y mener de belles parties d'attaque et pour de
nombreuses années а venir !''} Qxb2 $5 {A very risky continuation leading to
an extremly complicated struggle with mutual chances. There is no doubt that
white gets a very dangerous initiative, however black gets his chances.} 6.
Nxe4 Qb4+ 7. Qd2 Qxe4 8. e3 g5 {'Luc Winants: 'Cette réplique avait été
présentée comme une réfutation...''} 9. f3 (9. Bg3 Bg7 10. Rb1 (10. c3 b5 11.
f3 Qa4 12. Rb1 a6 13. e4 d6 14. Bd3 Nd7 15. Ne2 $36 {Galyas,M-Amrein,R/Harkany
1999}) 10... Qa4 11. c3 Qa5 12. Rb3 d6 13. Nf3 g4 14. Nh4 Na6 15. Bb5+ Kf8 $13
{Fritze,B-Maxion,D/Germany 1995/GER-chT2}) 9... Qf5 (9... Qg6 10. Be5 Bg7 11.
Bd3 Qh6 12. Qc3 (12. Bxg7 Qxg7 13. Rb1 d6 14. Ne2 Nd7 {1/2-1/2 Caselli,
L-Piantoni,R/Corsico 1996/EXT 98 (14)}) 12... O-O 13. h4 f6 14. Bxb8 Rxb8 15.
Qxc5 f5 16. Rb1 b6 $13 {Weindl,A-Manievich,V/Bern 1996}) 10. Bg3 d6 (10... Qf6
11. c3 Bg7 12. Rc1 d6 13. f4 {Une nouveauté : Les Blancs dégagent de nouvelles
lignes pour assiéger la Dame et profiter des affaiblissements consentis а
l'aile Roi (...g5).} (13. h4 h6 14. Nh3 $2 Bxh3 15. Rxh3 Nd7 16. Rh1 Rb8 $17 {
Weindl,A-Berthelot,Y/Cannes 1996}) 13... Nd7 {Un choix manifestement
discutable : la Tour et le Bc8 se retrouvent pris dans de nouveaux
embouteillages.} 14. Nf3 h6 15. Bd3 {Prépare le roque et le siège le long de
la colonne -f-.} e5 16. dxe6 Qxe6 17. O-O {Pour l'instant le pion g5
n'intéresse personne !} Bf6 {Il ne sait plus que faire, mais si} 18. Bb5 $44 {
Winants,L-Verat,L/France 2002}) (10... Bg7 11. e4 Qg6 12. Rb1 O-O 13. h4 gxh4
14. Bxh4 d6 15. g4 e6 16. Ne2 f5 17. Nf4 Qe8 18. Bb5 $36 {Peredy,F-Egedi,I/
Hungary 2003}) 11. Bd3 Qf6 12. Rb1 b6 13. Ne2 Bb7 14. O-O Bg7 $6 {More in the
spirit of the position was} (14... Bxd5 $1 15. Bb5+ Bc6 16. Qd5 Kd7 {[%csl Gc6]
} 17. a4 Kc7 18. Qb3 Bxb5 19. Qxb5 Nc6 $15 {and it's pretty hard for white to
break through.}) 15. f4 g4 {Correct decision, since opening an f-file would be
too dangerous.} (15... Nd7 16. e4 gxf4 17. Bxf4 Rg8 18. Kh1 $44 {[%cal Ge2g3,
Gg3f5]}) 16. e4 Nd7 17. a4 e6 $1 {It's very important to free square e7 for
the queen.} (17... h5 18. e5 (18. c4 h4 19. Be1 e5 $132) 18... Qh6 19. Bh4 dxe5
20. Ng3 $1 Bf6 21. Nf5 Qf8 22. Bxf6 exf6 23. fxe5 fxe5 24. Qg5 $36 {[%csl Re8]
[%cal Ga4a5,Gf1e1]}) 18. e5 Qe7 (18... dxe5 $6 19. fxe5 Bh6 20. Qe1 Be3+ 21.
Kh1 Qh6 22. Nf4 $16) 19. dxe6 fxe6 20. Nc3 dxe5 (20... O-O 21. exd6 Bd4+ 22.
Kh1 Qxd6 23. f5 Qe7 24. Nb5 $1 $16) 21. fxe5 O-O-O $2 {For the second time in
the game black refraines from accepting a pawn sacrifice. And for the second
time his decision is wrong! After the correct} (21... Bxe5 $1 22. Bxe5 Nxe5 23.
Bb5+ Nd7 24. a5 O-O-O 25. Qe3 $44 {white has some attacking chances, but it's
hardly enough for more than equality.}) 22. Qe2 $16 c4 23. Be4 Rhf8 (23... Qc5+
24. Kh1 Bxe5 $2 25. Bxb7+ Kxb7 26. Rb5 Bxc3 27. Rxc5 Nxc5 28. Qxc4 $16) 24.
Rfe1 Bxe4 25. Qxe4 Kb8 26. Nb5 $1 $18 Nc5 (26... Qc5+ 27. Nd4 {[%csl Re6][%cal
Gb1b5,Gd4c6]} Bxe5 28. Bxe5+ Nxe5 29. Qxe5+ Qxe5 30. Nc6+ Kb7 31. Nxe5 $18) 27.
Qxc4 Rd2 (27... Nb7 28. Nd4 Qc5 29. Qxc5 Nxc5 30. Nc6+ Kc7 31. Nxd8 $18) 28.
Nd6 Qc7 29. a5 Qc6 30. Re2 Rxe2 31. Qxe2 Na4 32. axb6 Nxb6 33. Bf2 Kc7 34. Nb5+
Kd7 35. Nxa7 Qc4 36. Qxc4 Nxc4 37. Rb7+ Ke8 38. Rxg7 1-0

[Event "Belfort Masters 6th"]
[Site "Belfort"]
[Date "2003.12.15"]
[Round "1"]
[White "Bauer, Christian"]
[Black "Le Roux, Jean Pierre"]
[Result "1-0"]
[WhiteElo "2602"]
[BlackElo "2480"]
[Annotator "Finkel,A"]
[PlyCount "87"]
[EventDate "2003.12.15"]
[EventType "tourn"]
[EventRounds "10"]
[EventCountry "FRA"]
[EventCategory "15"]
[SourceTitle "CBM 099"]
[Source "ChessBase"]
[SourceDate "2004.03.30"]
[SourceVersion "1"]
[SourceVersionDate "2004.03.30"]
[SourceQuality "1"]

1. d4 Nf6 2. Bg5 Ne4 3. Bf4 d5 4. e3 Nc6 $6 {A dubious continuation passing
the initiative into white's hands.} 5. Bd3 (5. Nd2 Bf5 6. Ngf3 e6 7. Nxe4 Bxe4
8. Nd2 Bg6 9. c3 Be7 10. Nf3 O-O 11. Bd3 Bxd3 12. Qxd3 f5 $11 {Geisler,
R-Kummerow,H/Werther 1996}) (5. f3 $6 g5 6. Bg3 Nxg3 7. hxg3 Qd6 8. Kf2 h5 9.
Bd3 e5 $15 {Reynolds,P-Putka,V/Panormo 2001}) 5... f5 (5... g5 6. Bg3 Nxg3 (
6... h5 7. Bxe4 dxe4 8. h4 g4 9. Ne2 Bg7 10. Nd2 f5 11. Nf4 $14 {Svensen,
T-Wilsbeck,J/Oslo 2001}) 7. hxg3 h6 8. c3 Bg7 9. f4 $6 Qd6 10. Qf3 g4 11. Qf2
Qf6 12. Nd2 Bf5 $15 {Glendmeier,H-Barthel,A/Passau 1997}) (5... e6 $6 6. Bxe4
dxe4 7. Nc3 Bb4 8. Nge2 O-O 9. a3 Bxc3+ 10. Nxc3 $14 {Amura,C-Echeveste,N/
Villa Martelli 1999}) 6. Nc3 e6 (6... Nxc3 7. bxc3 e6 8. Nf3 Bd6 9. O-O O-O 10.
c4 $14) (6... a6 7. Bxe4 dxe4 8. d5 e5 9. Bg3 Na5 10. Bxe5 Nc4 11. Qd4 Nxe5 12.
Qxe5+ Qe7 13. Qxe7+ Bxe7 14. f3 $14) 7. Bxe4 $5 {Concrete approach to the
position.} dxe4 (7... fxe4 8. Nb5 Bd6 9. Nxd6+ cxd6 10. Qh5+ g6 11. Qh6 Nb4
$132) 8. Nb5 Bd6 9. Qh5+ g6 10. Qh6 Qe7 11. Nxd6+ cxd6 12. Ne2 $14 {The
complex of the dark squares on the kingside is seriously weakend, so white's
advantage is unquestionable.} Bd7 $6 ({More logical looks} 12... Nb4 $5 13. Kd2
Bd7 $132 {even though white's chances are preferable in any case.}) 13. d5 $5
exd5 (13... Nb4 14. dxe6 Nxc2+ 15. Kd2 Ba4 16. Nc3 Nxa1 17. Nxa4 {[%csl Ra1]}
Nb3+ 18. axb3 Qxe6 19. Qg7 $16) 14. Nc3 Be6 15. O-O-O O-O-O (15... Ne5 16. Bxe5
dxe5 17. Nxd5 Qf7 18. Nc3 $36 {[%cal Gc3b5,Gb5d6]}) 16. Bg5 Qf8 {Due to this
resourse black manages to keep the material balance.} 17. Qxf8 Rdxf8 18. Nxd5
Kd7 $6 {Serious unaccuracy after which black doesn't manage to protect the
pawn on d6.} (18... Rf7 $5 19. Nf4 $140 Kd7 20. Rd2 h6 21. Rhd1 d5 22. c4 hxg5
23. Nxe6 Kxe6 24. cxd5+ Kf6 25. dxc6 Rxh2 $14) 19. Bf4 Ne5 20. Nc3 Kc6 (20...
Nf7 21. Bxd6 Nxd6 22. Nb5 Kc6 23. Rxd6+ Kxb5 24. Rxe6 $16) 21. Rxd6+ $1 $18 {
Revealing the drawbacks of 17th move of black.} Kxd6 22. Rd1+ Ke7 (22... Kc5
23. Bxe5 Rd8 24. Bxh8 Rxh8 25. Ne2 $16) 23. Bxe5 a6 24. a4 $1 {[%csl Rb7]} g5
25. Rd4 Rhg8 26. Bd6+ Kf6 27. Bxf8 Rxf8 28. Rb4 Rf7 29. Kd2 Rd7+ 30. Ke1 Rc7
31. Rb6 Ke5 32. Ne2 $1 {Transferring the knight to a more active position at
d4.} Bd7 (32... Rxc2 33. Rxe6+ Kxe6 34. Nd4+ $18) 33. Nd4 Bxa4 34. Re6+ Kd5 35.
b3 Bd7 36. c4+ Kc5 37. Re7 Kd6 $6 ({The last chance to prolong the struggle was
} 37... b5 $5 38. cxb5 axb5 {but after} 39. Nxf5 Kb4 40. Nd4 {it's not likely
that black would be able to hold on.}) 38. Rxh7 Rc5 39. Rg7 f4 40. Kd2 b5 41.
Rg6+ Kc7 42. Rxa6 bxc4 43. b4 Re5 44. Ra5 1-0